| 000 | 00536nam a22001812 4500 | ||
|---|---|---|---|
| 001 | 0000009441 | ||
| 005 | 20151217160120.0 | ||
| 008 | 081028s xx 000 0 eng d | ||
| 020 |
_a0230035089 : _cKES 221.25 |
||
| 040 |
_aKABU _cKABU |
||
| 100 | 1 |
_aDickens, Charles. _@0000152540 |
|
| 245 | 1 | 2 |
_aA Tale of two cities / _cCharles Dickens; retold by Stephen Colbourn. |
| 260 |
_aOxford : _bMacmillan Education, _c2005. |
||
| 300 | _a63 p. | ||
| 908 | _a081028 | ||
| 950 | _@1 | ||
| 999 |
_c14486 _d14486 |
||